| 000 | 01029nam a22002895i 4500 | ||
|---|---|---|---|
| 001 | 176163 | ||
| 003 | ES-MaACL | ||
| 005 | 20230906220017.0 | ||
| 008 | 101221s1979 sp |||| | spa d | ||
| 020 | _a84-345-1776-0 | ||
| 080 | _a612.821.4:616.008.9 | ||
| 245 | 0 | 0 |
_aEfectos metabólicos del alcohol / _cdirectores, Vincent Marks, John Wright ; consejo editorial G. M. Besser... [et al.] ; [traducción del inglés a cargo de J. Barrera]. |
| 260 |
_aBarcelona [etc.] : _bSalvat, _cD. L. 1979. |
||
| 300 |
_aVIII, 214 p. ; _c25 cm. |
||
| 490 | 1 |
_aClínica endocrinológica ; _v6/2 |
|
| 500 | _aÍndice. | ||
| 504 | _aBibliografía. | ||
| 594 | _aTít. original: Metabolic effects of alcohol. | ||
| 650 | 0 | 4 |
_aAlcohol- _xMetabolismo. _9144437 |
| 700 | 1 |
_aMarks, Vincent. _976927 |
|
| 700 | 1 |
_aWright, John. _9144435 |
|
| 700 | 1 |
_aBesser, G. M. _9144431 |
|
| 700 | 1 |
_aBarrera, J. _9144436 |
|
| 830 | 0 |
_aClínica endocrinológica ; _v6/2 _9189956 |
|
| 852 |
_aES-MaACL _jE-13855 _xOlim P-263 |
||
| 999 |
_c176163 _d176163 |
||